LEADER 04188nam 2200589 450 001 9910480295203321 005 20180731043600.0 010 $a1-4704-1525-9 035 $a(CKB)3710000000124447 035 $a(EBL)3113169 035 $a(SSID)ssj0001135199 035 $a(PQKBManifestationID)11591157 035 $a(PQKBTitleCode)TC0001135199 035 $a(PQKBWorkID)11116378 035 $a(PQKB)10059234 035 $a(MiAaPQ)EBC3113169 035 $a(PPN)197102557 035 $a(EXLCZ)993710000000124447 100 $a20140612h20142014 uy 0 101 0 $aeng 135 $aur|n|---||||| 181 $ctxt 182 $cc 183 $acr 200 10$aHarmonic analysis and partial differential equations $e9th International Conference on Harmonic Analysis and Partial Differential Equations, June 11-15, 2012, El Escorial, Madrid, Spain /$fPatricio Cifuentes [and nine others], editors 210 1$aProvidence, Rhode Island :$cAmerican Mathematical Society,$d2014. 210 4$d©2014 215 $a1 online resource (190 p.) 225 1 $aContemporary Mathematics,$x1098-3627 ;$vVolume 612 300 $aDescription based upon print version of record. 311 $a0-8218-9433-1 320 $aIncludes bibliographical references. 327 $a""Introduction""; ""Aspects of multilinear harmonic analysis related to transversality""; ""1. Introduction""; ""2. The linear restriction theory for the Fourier transform""; ""3. The bilinear restriction theory: the emergence of transversality""; ""4. Multilinear transversality and the multilinear restriction theory""; ""5. Transversal multilinear harmonic analysis: a bigger picture""; ""References""; ""Multi-frequency CalderA?³n-Zygmund analysis and connexion to Bochner-Riesz multipliers""; ""1. Notations and preliminaries"" 327 $a""2. Unweighted estimates for multi-frequency CalderA?³n-Zygmund operators""""3. Weighted estimates for multi-frequency CalderA?³n-Zygmund operators""; ""4. Connexion to Bochner-Riesz multipliers""; ""References""; ""Sharp Bounds for -Haar Multipliers on A?²""; ""1. Introduction""; ""2. Preliminaries""; ""3. Main tools""; ""4. Haar Multipliers""; ""5. Appendix""; ""References""; ""Spectra of Frame Operators with Prescribed Frame Norms""; ""1. Introduction""; ""2. Background results about Schur-Horn type theorems""; ""3. Spectral set""; ""References"" 327 $a""Regularity criteria for Hall-magnetohydrodynamics and the space-time Monopole equation in Lorenz gauge""""1. Introduction""; ""2. Proof of Theorem 1.1""; ""3. Proof of Theorem 1.3""; ""4. Proof of Theorem 1.7""; ""Acknowledgments""; ""References""; ""The a??? theorem: Remarks and complements""; ""1. Introduction""; ""2. Detailed outline of the lower-left route""; ""3. Proof of Lernera???s formula""; ""4. Sharpness of the weak (1,1) estimate""; ""5. A direct verification of the testing conditions""; ""6. The two-weight 1 theorem for positive operators""; ""References"" 327 $a""4. The Dirichlet problem with data in higher order Sobolev spaces""""5. Examples of boundary problems of mathematical physics""; ""References""; ""Perturbations of elliptic operators in chord arc domains""; ""1. Introduction""; ""2. Preliminaries""; ""3. Main Result""; ""References""; ""Cauchy non-integral formulas""; ""1. Introduction""; ""2. Carleson estimates of operators""; ""3. Proof of the Cauchy formula""; ""4. Applications to the Neumann and Dirichlet problem""; ""References"" 410 0$aContemporary mathematics (American Mathematical Society) ;$vVolume 612. 606 $aHarmonic analysis$vCongresses 606 $aDifferential equations, Partial$vCongresses 608 $aElectronic books. 615 0$aHarmonic analysis 615 0$aDifferential equations, Partial 676 $a512.7/6 702 $aCifuentes$b Patricio 712 12$aInternational Conference on Harmonic Analysis and Partial Differential Equations 801 0$bMiAaPQ 801 1$bMiAaPQ 801 2$bMiAaPQ 906 $aBOOK 912 $a9910480295203321 996 $aHarmonic analysis and partial differential equations$980197 997 $aUNINA